Tokoh-tokoh pemikir Islam

Bibliographic Details
Main Author: Muhammad Kamil Hj. Abdul Majid (Author)
Format: Book
Published: Petaling Jaya : Budaya Ilmu , 1993
Subjects:

MARC

LEADER 00000cam a2200000 7i4500
001 0000006719
005 20071204093000.0
020 |a 9839693107 
090 0 0 |a BP70   |b .M63 1993 j1 
100 0 |a Muhammad Kamil Hj. Abdul Majid ,   |e author 
245 0 0 |a Tokoh-tokoh pemikir Islam   |c Mohamad Kamil Hj. Ab. Majid 
260 2 |a Petaling Jaya :   |b Budaya Ilmu ,   |c 1993 
300 |a xii, 305 ms. ;   |c 21 sm. 
504 |a Mengandungi bibliografi (ms. 291-292) dan indeks 
650 0 |a Muslims   |x Intellectual life 
650 0 |a Scholars, Muslim   |v Biography 
650 0 |a Ulama 
999 |a 1000024150   |b Book   |c OPEN SHELF (30 DAYS)   |e Gong Badak Campus 
999 |a 1000069461   |b Book   |c OPEN SHELF (30 DAYS)   |e Gong Badak Campus 
999 |a 1000126929   |b Book   |c OPEN SHELF (30 DAYS)   |e Gong Badak Campus